
Library Catalogue

| 000 -LEADER | |
|---|---|
| fixed length control field | 01037nam a2200205Ia 4500 |
| 003 - CONTROL NUMBER IDENTIFIER | |
| control field | OSt |
| 005 - DATE AND TIME OF LATEST TRANSACTION | |
| control field | 20210904105409.0 |
| 008 - FIXED-LENGTH DATA ELEMENTS--GENERAL INFORMATION | |
| fixed length control field | 160316s1994 xxu||||| |||| 00| 0 eng d |
| 040 ## - CATALOGING SOURCE | |
| Transcribing agency | n |
| 082 ## - DEWEY DECIMAL CLASSIFICATION NUMBER | |
| Classification number | 342.000000 |
| Item number | JAI-I |
| 100 ## - MAIN ENTRY--PERSONAL NAME | |
| Personal name | Jain M P |
| 245 ## - TITLE STATEMENT | |
| Title | Cases and materials on Indian administrative law. Vol.I |
| 260 ## - PUBLICATION, DISTRIBUTION, ETC. | |
| Place of publication, distribution, etc. | Nagpur |
| Name of publisher, distributor, etc. | Wadhwa & Co. |
| Date of publication, distribution, etc. | 1994 |
| 300 ## - PHYSICAL DESCRIPTION | |
| Extent | 967p |
| Dimensions | xxi |
| 365 ## - TRADE PRICE | |
| Price amount | Rs.750 |
| 505 ## - FORMATTED CONTENTS NOTE | |
| Formatted contents note | Contents:<br/>Chapter I Introduction <br/>Chapter II What is Legislative Function;<br/>Chapter III Delegated Legislation(i);<br/>Chapter IV Delegated Legislation (II) : Controls (i);<br/>Chapter V Delegated Legislation (II) : Controls (ii;<br/>Chapter VI Sub-Delegation of Legislative Powers; <br/>Chapter VII Directions;<br/>Chapter VIII Natural Justice: When can be Claimed;<br/>Chapter IX Norms of Natural Justice / Fairness (1): Alteram Partem;<br/>Chapter X Norms of Natural Justice (II): Rule Against Bias;<br/>Chapter XI Failure of Natural Justice<br/> |
| 650 ## - SUBJECT ADDED ENTRY--TOPICAL TERM | |
| Topical term or geographic name entry element | 1.Administrative Law - Cases & Materials |
| 700 ## - ADDED ENTRY--PERSONAL NAME | |
| Personal name | |
| -- | |
| 942 ## - ADDED ENTRY ELEMENTS (KOHA) | |
| Source of classification or shelving scheme | Dewey Decimal Classification |
| Koha item type | BOOKs |
| Withdrawn status | Lost status | Damaged status | Not for loan | Home library | Current library | Shelving location | Date acquired | Cost, normal purchase price | Total Checkouts | Full call number | Barcode | Date last seen | Price effective from | Koha item type |
|---|---|---|---|---|---|---|---|---|---|---|---|---|---|---|
| . | . | NAB Compactor | 30.05.2017 | 750.00 | 342 JAI-I | 16431 | 30.05.2017 | 30.05.2017 | BOOKs |